Estados Unidos y el principio de extraordinariedad /

En los últimos años, los cientistas sociales se han visto atraídos por el unilateralismo estadounidense en política internacional. Sus observaciones coinciden en resaltar el sentido de especialidad promovido por los estadounidenses para verse asimismo frente a otros. En este sentido, el presente tra...

Descripción completa

Detalles Bibliográficos
Autor principal: Korstanje, Maximiliano
Otros Autores: Skol,Geoffrey
Formato: Analitica de revista
Lenguaje:español
Publicado: Santiago, Chile Universidad de Chile 2015
Materias:
Acceso en línea:Acceso electrónico al documento

MARC

LEADER 00000cab a2200000 a 4500
001 029719
003 UAHC_CL
005 20170803123122.0
008 200101s2015 cl 111 spa
040 |a UAHC_CL  |c UAHC_CL  |d UAHC_CL 
100 1 |a Korstanje, Maximiliano 
245 1 0 |a Estados Unidos y el principio de extraordinariedad /  |c Maximiliano E. Korstanje y Geoffrey Skol. 
260 |b Universidad de Chile  |a Santiago, Chile  |c 2015 
300 |a pp. 133-156 
500 |a En: Cuadernos de historia, n¼43, 2015. p. 133-156. ISSN 07161832. 
520 |a En los últimos años, los cientistas sociales se han visto atraídos por el unilateralismo estadounidense en política internacional. Sus observaciones coinciden en resaltar el sentido de especialidad promovido por los estadounidenses para verse asimismo frente a otros. En este sentido, el presente trabajo examina las causas culturas y sociales de cómo se ha formado el principio del destino revelado, que lleva a los americanos a sentirse especiales. La discusión apunta a defender la tesis de que este pueblo ha desarrollado una visión realmente trágica del mundo por medio del cual la necesidad de alcanzar la virtud converge en el temor del hundimiento. 
650 4 |a IDEOLOGIA  |x ESTADOS UNIDOS 
651 4 |a ESTADOS UNIDOS  |x POLITICA Y GOBIERNO 
653 |a PEDAGOGIA EN HISTORIA Y CIENCIAS SOCIALES 
653 |a LICENCIATURA EN HISTORIA 
700 1 |a Skol,Geoffrey 
856 |u http://www.scielo.cl/pdf/cuadhist/n43/art06.pdf  |3 Acceso electrónico al documento  |y Acceso electrónico al documento 
900 |a CUAD. HIST.-43/15 
942 |c REVA 
952 |0 0  |1 0  |4 0  |6 CUAD___HIST_43_15_000000000000000  |7 0  |8 General  |9 58306  |a BC  |b BC  |c General  |d 2017-08-03  |l 0  |o CUAD. HIST.-43/15  |p FICTICIO40005  |r 2019-01-08 00:00:00  |t 1  |w 2017-08-03  |y REVA 
999 |c 29719  |d 29719